| 000 | 01097nam a2200265Ia 4500 | ||
|---|---|---|---|
| 003 | Ost | ||
| 005 | 20260507075356.0 | ||
| 008 | 260507s9999||||xx |||||||||||||| ||und|| | ||
| 020 | _a33882499579 | ||
| 040 | _cfsecg | ||
| 041 | _aara | ||
| 082 | _a330 | ||
| 100 |
_aالفتلاوي، كامل علاوي كاظم _eمؤلف |
||
| 245 | 0 |
_aمبادئ علم الإقتصاد / _c كامل علاوي كاظم الفتلاوي |
|
| 260 |
_aعمان: _bدار صفاء للنشر والتوزيع, _c2013 |
||
| 300 |
_a288 صفحة؛ _bغلاف ملون ومصور، جداول، رسومات بيانية _c25 سم |
||
| 504 | _a(إقتناءات 2014 3ن) | ||
| 520 | _aأساسيات تمهيدية- مبادئ التحليل الإقتصادي الجزئي- مبادئ تحليل الإقتصادي الكلي | ||
| 653 | _aالإقتصاد الجزئي | ||
| 653 | _aالإقتصاد الكلي | ||
| 653 | _aالتحليل الإقتصادي | ||
| 653 | _aعلم الإقتصاد | ||
| 700 |
_aالزبيدي، حسن لطيف كاظم _eمؤلف ثانوي |
||
| 942 | _cكتاب | ||
| 999 |
_c44222 _d44222 |
||